00724nam a2200205 i 450000100060000000300090000600500170001500700030003200800410003510000270007624500520010326000730015530000280022849000300025660000360028683000380032285200210036099900170038195201200039872451ES-MaACL20230906171436.0t|040901s1933 fr ||||1| fre d1 aGiraud, Victor.95724513aLa vie tragique de Lamennais / cVictor Giraud. aParis : bFélix Alcan, c1933 (fPresses Universitaires de France) aVIII, 188 p. ; c18 cm.1 aLes enigmes de l'histoire04aLamennais, Félicité.9698430 aLes enigmes de l'histoire9231113 aES-MaACLjA-2119 c72451d72451 00104070aATENEOMbATENEOMcSPP1d2008-01-17eSCl0oA-2119p1075850r2023-02-23 00:00:00w2023-02-23yMONOGRAFIA